000
00330nam a2200145Ia 4500
008
230718s9999 xx 000 0 und d
041
_a
Eng.
082
_a
336
_b
ALV-I
100
_a
Alvi 2 Imtiaz
245
0
_a
Informal economy
260
_a
Pakistan
_b
Oxford unarly Pren
_c
1897
300
_a
323
650
_a
Law
999
_c
26750
_d
26750